00920naa#a2200193#i#4500001001600000005001700016011001400033100004100047102000700088200028500095210005800380215001000438608004500448675005300493700005200546700005200598700006400650856001200714RU\\bibl\12452520260601164240.1##a2413-046X##a20260527b2026####ek#y0rusy0150####ca##aRU1#aЭтический кодекс кадастрового инженера: критический анализ 4-й редакции типовых правил от национальной палаты кадастровых инженеровeЖурнальная статья1#aМоскваcЭлектронная наукаd2026##a9 с.##aЖурнальная статья2local##aПрофессиональная этика. 174#1aДудниковgВиталий Юрьевич#1aСапринgСергей Викторович#1aФедороваgАнастасия Альбертовна4#amshj.ru